000 00687nam a2200229Ia 4500
003 OSt
005 20220918215949.0
006 a|||||r|||| 00| 0
007 ta
008 220917b |||||||| |||| 00| 0 eng d
024 _a143,686
037 _cTextual
040 _aARTS
_cARTS
_beng
041 _2eng
_aeng
082 _aY131:6:613.N6, K8
100 _aLong Norman
_9136037
245 0 _aSocial change and the individual
_b A study of the social and religious responses to innovation in a Zambian rural community.
260 _aNA
_bNA
_c1968
650 _aSOCIOLOGY
942 _hY131:6:613.N6, K8
_cTEXL
_2CC
999 _c266606
_d266606